Letecká doprava na Slovensku - nevyhnutnosti a šance
Podnikateľské zámery Slovenských aerolínií. Realizácia projektu komplexného riešenia leteckej dopravy na Slovensku. Kapitálové a finančné zabezpečenie prevádzky Slovenských aerolínií.
Gespeichert in:
| 1. Verfasser: | |
|---|---|
| Weitere Verfasser: | |
| Format: | Buch |
| Sprache: | Slowakisch |
| Schlagworte: | |
| Tags: |
Keine Tags, Fügen Sie das erste Tag hinzu!
|
MARC
| LEADER | 00000nam a2200000 4500 | ||
|---|---|---|---|
| 001 | r031276 | ||
| 005 | 20230606080951.9 | ||
| 041 | 0 | |a slo | |
| 044 | |a SK | ||
| 245 | 1 | 0 | |a Letecká doprava na Slovensku - nevyhnutnosti a šance |c Viliam Veteška, František Novosad |
| 520 | |a Podnikateľské zámery Slovenských aerolínií. Realizácia projektu komplexného riešenia leteckej dopravy na Slovensku. Kapitálové a finančné zabezpečenie prevádzky Slovenských aerolínií. | ||
| 610 | 2 | 0 | |a doprava letecká |
| 610 | 2 | 0 | |a doprava letecká medzinárodná |
| 610 | 2 | 0 | |a doprava vnútroštátna |
| 610 | 2 | 0 | |a letiská |
| 610 | 2 | 0 | |a investície |
| 610 | 2 | 0 | |a podnikanie štátne |
| 610 | 2 | 0 | |a legislatíva |
| 610 | 2 | 0 | |a Slovenské aerolínie, a.s. Bratislava |
| 100 | 1 | |a Veteška, Viliam | |
| 700 | 1 | |a Novosad, František | |